[Event "Modbury Championship"]
[Site "Modbury"]
[Date "2007.06.08"]
[Round "4.5"]
[White "Sanders, Michael J"]
[Black "Watters, Daniel"]
[Result "0-1"]
[Annotator "Fritz 10"]
[BlackElo "1340"]
[EventCountry "AUS"]
[EventDate "2007.06.02"]
[EventRounds "9"]
[EventType "swiss"]
[PlyCount "96"]
[WhiteElo "1236"]

{ D74: Fianchetto Grünfeld: Main Line  ( 5 Nf3 0-0 6 cxd5 Nxd5 7 0-0 ) } 1. d4
Nf6 2. c4 g6 3. g3 d5 4. Bg2 Bg7 5. cxd5 Nxd5 6. Nf3 O-O 7. O-O c6 8. e4 Nb6 (
8... Nc7 9. h3 Be6 10. Nc3 Nba6 11. Re1 Qd7 12. Kh2 Rad8 13. Be3 f6 14. Qd2 Na8
15. d5 Bf7 16. Rad1 c5 17. e5 fxe5 18. Bh6 Nb6 19. Bxg7 Kxg7 20. Nxe5 Qc8 21.
Ng4 Rde8 22. Ne4 { 1-0 Djuric,S  ( 2459 ) -Duratti,L  ( 2212 ) /Lenk 2005/CBM
105 ext}  )9. Be3 $146 ( 9. Na3 Bg4 10. Be3 Qd7 11. Qd2 Rd8 12. Rad1 Na6 13. b3
Bh3 14. Rfe1 Bxg2 15. Kxg2 Nc7 16. Qa5 Ne6 17. Nc4 Qc7 18. Qb4 Nxc4 19. Qxc4
Rd7 20. Re2 Rad8 21. Red2 b5 22. Qc1 Qb7 23. Qc2 a5 { Matanovic,A-Pilnik,H/Bled
1950/MCD/0-1  ( 55 )}  )9... Nc4 { Black threatens to win material: Nc4xb2} 
10. Bc1 ( 10. Nc3 c5 $11 ( 10... Nxb2 $143 11. Qe2 $16 ))10... Bg4 11. Qc2 {
White threatens to win material: Qc2xc4}  ( 11. Nbd2 Nxd2 12. Bxd2 Bxd4 13. Bh6
Bxf3 14. Qxf3 $15 )11... Nb6 ( 11... Bxf3 12. Bxf3 Qxd4 13. Nc3 $15 )12. Be3 (
12. Nbd2 $5 $14 { must definitely be considered} )12... Bxf3 $11 13. Bxf3 Na6 (
13... Bxd4 $5 $142 { should not be overlooked}  14. Rd1 e5 $11 )14. Rd1 $16 Rc8
15. a4 Nb4 16. Qb3 a5 17. Nd2 ( 17. Nc3 $16)17... Bxd4 $2 ( 17... Kh8 $14 $142
{ and Black has air to breath} )18. Nc4 $18 c5 19. Nxa5 $4 { White has an
active position. forfeits the advantage}  ( 19. Bxd4 $142 cxd4 20. Nxa5 $18
)19... Qc7 $4 ( 19... e5 20. Be2 $11 )20. Rxd4 $4 { instead of simply winning
the game}  ( 20. Bxd4 $142 { finishes off the opponent}  20... Na8 21. Bg4 Qxa5
22. Bxc8 cxd4 23. Rxd4 $18 )20... cxd4 $11 21. Bxd4 ( 21. Bh6 $142 Nc2 22. Rc1
$14 )21... Qd6 $4 { there were better ways to keep up the pressure}  ( 21...
Nc2 $142 22. Rd1 Nxd4 23. Rxd4 Qc5 $17 )22. Rd1 $18 Rc7 ( 22... Rc1 { a last
effort to resist the inevitable}  23. Rxc1 Qxd4 $18 )23. e5 Qe6 24. Qxb4 ( 24.
Qxe6 $142 { and White can already relax}  24... fxe6 25. Bxb6 Rc2 $18 )24...
Nd5 ( 24... Nc4 { otherwise it's curtains at once}  25. Nxc4 Rxc4 $18 )25. Qb3
Rd7 26. Ba7 ( 26. Bc5 Rfd8 27. Nxb7 Nf4 28. Rxd7 Rxd7 29. Qxe6 Nxe6 $18 ( 29...
fxe6 $4 30. gxf4 Rd3 31. Bc6 $18 ))26... Qa6 ( 26... Rfd8 { doesn't get the
bull off the ice}  27. Qb5 Nf6 28. Re1 $18 )27. Bxd5 e6 ( 27... Qxa7 { does not
improve anything}  28. e6 Rc7 29. exf7+ Kg7 $18 )28. Qb6 ( 28. Bc5 $142 { and
White has reached his goal}  28... Qxa5 29. Bxf8 Kxf8 30. Bxb7 $18 )28... Qe2
29. Bb3 ( 29. Rf1 $142 { seems even better}  29... exd5 30. Qf6 $18 )29...
Rxd1+ 30. Bxd1 Qxd1+ 31. Kg2 Qd5+ 32. f3 $4 { a transit from better to worse} 
( 32. Kh3 $142 { White would have gained the upper hand}  32... Ra8 33. b4 $18
( 33. Nxb7 $6 Qxe5 34. a5 Qf5+ 35. Kg2 Qd5+ 36. f3 e5 $14 ))32... Qd2+ $11 33.
Kh3 Qh6+ 34. Kg2 Qd2+ 35. Kh3 { Twofold repetition}  35... Qe1 $4 { letting the
wind out of his own sails}  ( 35... Qh6+ $142 36. Kg2 Qd2+ $11 )36. Qg1 ( 36.
Qb5 $142 { and White takes home the point}  36... Qh1 37. Bc5 $18 )36... Qxa5
$17 37. Qc5 ( 37. Qb6 $5 Qd5 38. f4 $19 )37... Qxa4 $19 38. b4 ( 38. Qd4 $142
Qb3 39. f4 $19 )38... Qd1 39. Kg2 ( 39. Qf2 Rc8 40. Qg1 Qxf3 $19 )39... Qe2+
40. Qf2 Qd1 ( 40... Qxe5 { might be the shorter path}  41. Bd4 Qd5 42. g4 $19
)41. Bc5 $4 { releasing the pressure on the opponent}  ( 41. Qc5 Ra8 42. Qf2
$19 )41... Rc8 ( 41... Ra8 $19 $142 { and Black can already relax} )42. Qe3 $4
{ leading to a quick end}  ( 42. Qf1 Qd5 43. Qe2 Ra8 $19 )42... Rd8 ( 42... b6
$5 $142 { makes it even easier for Black}  43. Qg1 Qd2+ 44. Qf2 $19 )43. Bd6 (
43. Kh3 h6 $1 { Deflection: h6}  44. Qxh6 Qxf3 $19 )43... Ra8 44. Kh3 Ra2 (
44... f6 $142 { and the result of the game is clear: Black will win}  45. Qh6
Qxf3 46. exf6 Qf5+ 47. Kh4 Qxf6+ 48. Qg5 Qd4+ 49. Qf4 Qd5 $19 )45. Qh6 $15 {
White has a mate threat}  45... Ra8 46. Be7 $4 { White loses the upper hand}  (
46. Qe3 f6 { Deflection: f6}  47. Qh6 Qxf3 48. exf6 Qf5+ 49. Kh4 Qxf6+ 50. Qg5
Qd4+ 51. Qf4 $19 )46... Qxf3 $19 47. Bf6 Qf5+ ( 47... Qh5+ { keeps an even
firmer grip}  48. Qxh5 gxh5 49. Kh4 $19 )48. Kg2 ( 48. Kh4 Qh5+ $1 { the
knockout punch}  49. Qxh5 gxh5 50. Kxh5 $19 )48... Ra2+ ( 48... Ra2+ 49. Qd2
Rxd2+ 50. Kh1 Qf1# ) 0-1

[Event "Modbury Championship"]
[Site "Modbury"]
[Date "2007.06.08"]
[Round "4.6"]
[White "De Jong, George"]
[Black "Hill, Victor"]
[Result "0-1"]
[Annotator "Fritz 10"]
[BlackElo "1216"]
[EventCountry "AUS"]
[EventDate "2007.06.02"]
[EventRounds "9"]
[EventType "swiss"]
[PlyCount "64"]
[WhiteElo "1261"]

{ C42: Petroff Defence: 3 Nxe5 and unusual White 3rd moves } 1. e4 e5 2. Nf3 Nf6
3. d3 Bc5 ( 3... d5 4. Nbd2 Bd6 5. Be2 O-O 6. O-O b6 7. c3 Bb7 8. Qc2 Nbd7 9.
Re1 h6 10. g3 Nh7 11. Nh4 Re8 12. Nf5 Bf8 13. Nf1 Ng5 14. h4 Ne6 15. Nh2 Nf6
16. f3 d4 17. Ng4 Nxg4 18. fxg4 { Piskov,Y  ( 2467 ) -Meijers,V  ( 2472 )
/Germany 1999/CBM 074 ext/0-1  ( 34 )}  )4. Nxe5 $146 ( 4. Bg5 d6 5. d4 exd4 6.
Nxd4 Bg4 7. f3 Nc6 8. Nxc6 bxc6 9. fxg4 Qd7 10. Bxf6 gxf6 11. Nc3 f5 12. exf5
O-O-O 13. Bc4 Qe7+ 14. Qe2 Qxe2+ 15. Bxe2 Rhe8 16. O-O-O Be3+ 17. Kb1 c5 18.
Rhf1 Bd4 { Selvanathan,A-Reed,A/Brisbane 2006/CBM 110 ext/1-0  ( 55 )}  )( 4.
h3 d6 ( 4... O-O 5. Nxe5 Bb4+ 6. Bd2 Bxd2+ 7. Nxd2 d6 8. Nec4 Re8 9. Qf3 d5 10.
Ne3 dxe4 11. dxe4 c5 12. Bb5 Re7 13. Bc4 Be6 14. Bxe6 Rxe6 15. Rd1 Rd6 16. e5
Rd7 17. exf6 gxf6 18. Ne4 Rxd1+ 19. Nxd1 { Van Dorp,J  ( 1448 ) -De Haan,K  (
770 ) /Hengelo 2005/CBM 107 ext/1-0  ( 46 )}  )5. Bg5 Nbd7 6. Nc3 c6 7. Qd2 O-O
8. Be2 Re8 9. O-O Nf8 10. a3 Bb6 11. d4 Qe7 12. d5 h6 13. Bh4 Ng6 14. Bg3 Nh5
15. Bh2 Ngf4 16. Rad1 Qf6 17. Rfe1 Qg6 18. Bxf4 Nxf4 { Gangadharan,A  ( 1391 )
-Khachatorian,Y  ( 1947 ) /Dos Hermanas 2004/CBM 099 ext/0-1}  )4... d6 5. Nc4
( 5. Nf3 $16)5... Be6 $2 ( 5... Ng4 $142 6. Ne3 Nxe3 7. Bxe3 Bxe3 8. fxe3 Be6
$14 )6. Nbd2 $4 { throws away a nice position}  ( 6. d4 $5 Bb6 7. Nxb6 axb6 8.
Nc3 $18 )6... Qe7 $4 { makes life more difficult}  ( 6... Ng4 $142 { the
advantage is on the side of Black}  7. Qe2 Nxf2 $19 )7. h3 ( 7. Be2 c6 $16
)7... Nbd7 8. Nb3 ( 8. Be2 $5 $14 { must be considered} )8... Bxc4 $15 9. Nxc5
Nxc5 10. Bg5 $2 ( 10. dxc4 $142 { is the best option White has}  10... Nfxe4
11. Be2 $11 )10... Ba6 11. f3 ( 11. Qf3 Ne6 12. Be3 O-O $19 )11... h6 ( 11...
Qe5 { makes it even easier for Black}  12. Qc1 Qg3+ 13. Kd1 $19 )12. Bh4 ( 12.
Be3 O-O-O 13. Qd2 d5 $19 )12... O-O-O ( 12... d5 { keeps an even firmer grip} 
13. Qe2 dxe4 14. fxe4 $19 )13. Be2 $2 ( 13. b4 Ne6 14. Qb1 Bb5 $19 )13... Kb8 (
13... d5 $5 $142 { might be the shorter path}  14. O-O dxe4 15. Bxf6 Qxf6 16.
fxe4 $19 )14. O-O ( 14. b4 g5 15. Bf2 Na4 $19 )14... g5 15. Bf2 Nfd7 $4 {
throwing away the advantage}  ( 15... d5 $142 { Black missed this excellent
chance}  16. Qd2 Ne6 $19 ( 16... dxe4 $6 17. fxe4 Nfxe4 18. Qe3 $19 ))16. b4
$17 { White threatens to win material: b4xc5}  16... Ne6 17. c4 Nf4 ( 17... b6
$17 $142)18. b5 $14 Bxb5 19. cxb5 b6 { Controls c5}  ( 19... h5 20. a4 $14 )20.
Bg3 ( 20. Rc1 d5 $16 )20... Rdg8 ( 20... d5 $14 $142)21. Bxf4 $4 { hands over
the advantage to the opponent}  ( 21. d4 $16 $142)21... gxf4 $15 22. Qe1 ( 22.
Rf2 $5 Rg3 23. Kh1 $15 )22... Rg3 $17 23. Kh2 ( 23. Kh1 f5 $17 )23... Qg5 24.
Rg1 Qxb5 ( 24... Nf8 25. Bd1 Rg8 $19 )25. d4 $17 Qb2 { Black threatens to win
material: Qb2xd4}  26. Qd1 Rhg8 27. Bf1 $4 ( 27. Rb1 $142 { was much better} 
27... Qxa2 28. Ra1 $17 )27... Nf8 ( 27... Qf2 28. Qe1 Rxh3+ 29. Kxh3 Qxg1 30.
Bb5 Qxg2+ 31. Kh4 Qh2# )28. d5 ( 28. Be2 { does not win a prize}  28... Ne6 29.
Rb1 Qxa2 $19 )28... R8g5 ( 28... Qf2 29. Qe1 Rxh3+ 30. Kxh3 Qxg1 31. Be2 Qxg2+
32. Kh4 Qh2# )29. Qc1 ( 29. Be2 Ng6 30. Rc1 $19 )29... Qf2 ( 29... Rxh3+ 30.
Kxh3 Rh5+ 31. Kg4 Qg7+ 32. Kxh5 Qg5# )30. Qxf4 ( 30. Qxc7+ { hardly improves
anything}  30... Kxc7 31. Rc1+ Kb8 32. Rc8+ Kxc8 33. Ba6+ Kb8 34. Bf1 Rxh3+ 35.
Kxh3 Qg3# )30... Rxh3+ $3 { Mate attack}  31. Kxh3 ( 31. Kxh3 Rh5+ { Mate
attack}  )( 31. -- -- { Mate attack}  )31... Rh5+ ( 31... Qxg1 $6 { is
impossible}  32. g4 Nh7 33. Rc1 $19 )32. Kg4 ( 32. Qh4 { doesn't get the cat
off the tree}  32... Rxh4# )32... Qh4#  0-1

[Event "Modbury Championship"]
[Site "Modbury"]
[Date "2007.06.22"]
[Round "5.2"]
[White "Anderson-Smith, William"]
[Black "Staak, Eric"]
[Result "1-0"]
[Annotator "Fritz 10"]
[BlackElo "1461"]
[EventCountry "AUS"]
[EventDate "2007.06.02"]
[EventRounds "9"]
[EventType "swiss"]
[PlyCount "79"]
[WhiteElo "1629"]

{ A83: Dutch Defence: Staunton Gambit with 3 Nc3 Nf6 4 Bg5 } 1. d4 f5 2. e4 fxe4
3. Nc3 Nf6 4. Bg5 e6 5. Nxe4 Be7 6. Bd3 Nxe4 ( 6... Nc6 7. Nf3 d6 8. O-O O-O 9.
Re1 e5 10. c3 Nxe4 11. Bxe7 Nxe7 12. Bxe4 d5 13. Bxh7+ Kxh7 14. Ng5+ Kg6 15.
Rxe5 Nf5 16. f4 Nd6 17. Rxd5 Rxf4 18. Qd3+ Bf5 19. Qg3 Rg4 20. Nf7 Rxg3 21.
Nxd8 { King,F-Gasik,P  ( 2139 ) /Dos Hermanas 2004/CBM 099 ext/0-1}  )7. Bxe7
Qxe7 ( 7... Nxf2 8. Qh5+ Kxe7 9. Qh4+ Kf7 10. Qxf2+ Qf6 11. Nf3 Rf8 12. O-O Kg8
13. Qg3 g6 14. Ne5 Qg7 15. Rxf8+ Qxf8 16. Rf1 Qg7 17. Qg5 { 1-0 Stefanova,A  (
2410 ) -Tozer,R  ( 2380 ) /London 1997/CBM 058 ext}  )8. Bxe4 Qf6 $146 {
Black's piece can't move: c8}  ( 8... d5 9. Qh5+ ( 9. Bd3 O-O 10. Qh5 g6 11.
Qe2 c5 12. dxc5 Nc6 13. Nf3 e5 14. Bb5 e4 15. Bxc6 bxc6 16. Qe3 Qb7 17. Nd4
Qxb2 18. O-O Qb7 19. c4 Qd7 20. cxd5 cxd5 21. Rab1 Ba6 22. Rfc1 Rf7 23. Qg3
Raf8 { Marshall,F-Jaffe,C/New York 1909/HCL/1/2-1/2  ( 47 )}  )9... Qf7 10.
Qxf7+ Kxf7 11. Bf3 Nc6 12. O-O-O Ne7 13. Be2 b6 14. Nf3 Rf8 15. Rhe1 h6 16. Bd3
Kg8 17. Rd2 c5 18. c3 c4 19. Bc2 Nc6 20. Ba4 Nd8 21. Nh4 Rf6 22. g3 a6 23. Ng2
{ Baho Farfan,M-Garzon Rodriguez,J/Malaga 2001/CBM 080 ext/1-0  ( 58 )}  )(
8... O-O 9. Qh5 g6 10. Qe2 Nc6 11. Nf3 d6 12. c3 e5 13. Bxc6 bxc6 14. dxe5 d5
15. h3 a5 16. Qe3 Rb8 17. O-O-O a4 18. Rd4 a3 19. b3 Bf5 20. Ra4 c5 21. c4 Bd7
22. Rxa3 dxc4 23. bxc4 { Thoma,W  ( 2195 ) -Hoang Thanh Trang  ( 2325 )
/Budapest 1995/CBM 046 ext/0-1  ( 37 )}  )( 8... d5 9. Qh5+ Kf8 10. Bg6 $14 )9.
Nf3 Nc6 10. O-O d5 11. Bd3 Bd7 12. Re1 O-O-O 13. c3 g5 14. b4 ( 14. Qe2 $16
$142)14... h5 $2 ( 14... g4 15. Ne5 Nxe5 16. Rxe5 $14 )15. Qe2 $4 { allows the
opponent back into the game}  ( 15. b5 $142 { and White gets the upper hand} 
15... Na5 16. Qa4 $18 )15... g4 $11 { This push gains space}  16. Ne5 Nxe5 17.
Qxe5 Rdf8 ( 17... Qf7 18. Rf1 $11 )18. Qxf6 $14 Rxf6 19. Re5 Rhf8 ( 19... Be8
20. Rae1 Rhh6 21. R1e3 $14 )20. Rf1 ( 20. Rxh5 Rxf2 21. Rf1 Rxf1+ 22. Bxf1 g3
$16 )20... Rh8 ( 20... Be8 21. a3 $14 )21. Rg5 ( 21. f3 gxf3 22. Rxf3 Rxf3 23.
gxf3 a6 $16 )21... c6 { Secures b5}  ( 21... a6 22. f3 gxf3 23. Rxf3 Rxf3 24.
gxf3 $14 )22. a4 a6 ( 22... b6 23. Rg7 $16 )23. a5 Be8 24. f3 gxf3 25. Rxf3
Rhf8 26. Kf2 Rxf3+ 27. gxf3 Kd7 28. Kg3 Kd6 29. h4 Ke7 30. Rg7+ ( 30. Bg6 Bxg6
31. Rxg6 Rf5 $16 )30... Rf7 ( 30... Bf7 31. f4 $16 )31. Rg8 $18 Rf8 $4 {
leading to a quick end}  ( 31... Rf6 $18 $142)32. Rxf8 Kxf8 33. Kf4 Ke7 ( 33...
Bf7 { does not solve anything}  34. Kg5 Kg7 35. f4 $18 )34. Kg5 Bf7 ( 34... Bd7
$18 { desperation} )35. f4 Be8 36. Bg6 Bf7 ( 36... Bd7 { a fruitless try to
alter the course of the game}  37. Bxh5 c5 38. bxc5 $18 )37. Kxh5 ( 37. Bxf7 $5
{ keeps an even firmer grip}  37... Kxf7 38. Kxh5 Kf6 $18 )37... Kf6 38. Bxf7
Kxf7 39. Kg5 Kg7 40. h5 ( 40. h5 $18) 1-0

[Event "Modbury Championship"]
[Site "Modbury"]
[Date "2007.06.22"]
[Round "5.3"]
[White "Wynne, David"]
[Black "Watters, Daniel"]
[Result "1-0"]
[Annotator "Fritz 10"]
[BlackElo "1340"]
[EventCountry "AUS"]
[EventDate "2007.06.02"]
[EventRounds "9"]
[EventType "swiss"]
[PlyCount "93"]
[WhiteElo "1444"]

{ B07: Pirc Defence: Miscellaneous Systems } 1. e4 d6 2. Nf3 Nf6 3. d4 Nxe4 4.
Bd3 Nf6 5. O-O ( 5. Bg5 e6 6. Nc3 d5 7. Qe2 Be7 8. O-O O-O 9. Nd1 Nbd7 10. c3
b6 11. Ne3 Bb7 12. Rae1 Re8 13. Bxf6 Bxf6 14. Ng4 g6 15. Nxf6+ Qxf6 16. Bb5 c6
17. Ba6 Rab8 18. Bd3 Re7 19. Ne5 Nxe5 { Roos,J  ( 2315 ) -Chabanon,J  ( 2245 )
/France 1989/TD/1/2-1/2  ( 75 )}  )5... g6 6. Bg5 $146 { Black has a cramped
position}  ( 6. Re1 Bg7 7. c4 O-O 8. Nc3 Bg4 9. h3 Bxf3 10. Qxf3 Nc6 11. Bg5
Rb8 12. Qe3 Re8 13. Rad1 Qd7 14. d5 Nb4 15. Bb1 a5 16. a3 Na6 17. Qf3 a4 18.
Rd4 Nc5 19. Rh4 c6 20. Re3 cxd5 { Fuchs,A  ( 2099 ) -Grossmann,S  ( 1977 )
/Dresden 2004/CBM 099 ext/0-1  ( 38 )}  )6... Bg7 { White has a very active
position}  7. Qd2 ( 7. Re1 Nc6 $11 )7... h6 $15 8. Bxf6 Bxf6 9. c3 Bg4 10. Qf4
{ White threatens to win material: Qf4xg4}  10... Bd7 11. Re1 Bg7 12. Nbd2 e6
13. d5 { Black has a cramped position}  13... Qf6 { Black threatens to win
material: Qf6xf4}  ( 13... O-O $5 $142 { is worth looking at}  14. dxe6 Bxe6
$15 )14. Qb4 $14 b6 ( 14... Bc8 15. Qa4+ Bd7 16. Qb3 $16 )15. Ne4 { White
threatens to win material: Ne4xf6}  ( 15. dxe6 fxe6 16. Qe4 c6 $16 )15... Qe7 (
15... Qf4 $5 { must definitely be considered}  16. dxe6 fxe6 17. Nxd6+ Qxd6 $11
)16. dxe6 $14 fxe6 17. Ng3 { Black has a cramped position}  17... Kf7 $2 (
17... Qf7 $5 $142 { must be considered}  18. Be4 Nc6 $14 )18. Qe4 ( 18. Bxg6+
Kxg6 19. Qe4+ Kf7 20. Qxa8 Nc6 $18 )18... Nc6 19. Qxg6+ Kf8 20. Nf5 { White
threatens to win material: Nf5xe7}  ( 20. Qe4 $5 $142 Qe8 21. Qc4 $18 )20...
Qf6 $14 21. Qxg7+ ( 21. N5h4 Ne7 22. Qg3 Kf7 $14 )21... Qxg7 $11 22. Nxg7 Kxg7
{ Black king safety improved}  23. Bb5 a6 ( 23... e5 $11 $142 { and Black could
well hope to play on} )24. Bxc6 $16 Bxc6 25. Nd4 Bd5 26. Nxe6+ Bxe6 27. Rxe6
Rae8 28. Rae1 Rxe6 29. Rxe6 Kf7 30. Re2 Rd8 31. f4 Rd7 ( 31... d5 $5 $16)32.
Kf2 c6 $2 ( 32... d5 33. g4 $18 )33. Kf3 ( 33. f5 { might be the shorter path} 
33... h5 34. Re6 c5 $18 )33... a5 ( 33... d5 34. g4 $18 )34. g4 b5 35. h4 c5 {
Black prepares the advance b4}  36. f5 c4 ( 36... d5 $18)37. Re6 d5 ( 37... Kg7
{ the only chance to get some counterplay}  38. Ke4 b4 $18 )38. Rxh6 b4 ( 38...
Kg8 { hoping against hope}  39. Ke3 b4 40. Rg6+ Kf7 $18 )39. Rh7+ Ke8 40. Rxd7
Kxd7 41. cxb4 ( 41. Ke3 $5 $142 { seems even better}  41... Kc6 42. Kd4 Kd6 $18
)41... axb4 42. Ke3 c3 43. bxc3 bxc3 44. Kd3 d4 45. g5 Kd6 46. f6 Ke6 47. a4 
1-0

[Event "Modbury Championship"]
[Site "Modbury"]
[Date "2007.06.22"]
[Round "5.5"]
[White "De Jong, George"]
[Black "McPherson, Erick"]
[Result "0-1"]
[Annotator "Fritz 10"]
[BlackElo "1397"]
[EventCountry "AUS"]
[EventDate "2007.06.02"]
[EventRounds "9"]
[EventType "swiss"]
[PlyCount "122"]
[WhiteElo "1261"]

{ C01: French: Exchange Variation } 1. e4 e6 2. Nc3 d5 3. exd5 exd5 4. d4 Nf6 5.
Bg5 Be7 6. Nf3 h6 $146 { Black threatens to win material: h6xg5}  ( 6... Be6 7.
Bd3 Nc6 8. O-O h6 9. Bxf6 Bxf6 10. Bb5 Qd6 11. Ne5 O-O 12. f4 Ne7 13. Ne2 c5
14. c3 cxd4 15. cxd4 Qb4 16. Qb3 Qxb3 17. axb3 a6 18. Bd3 Bf5 19. Bxf5 Nxf5 20.
Nd7 Rfe8 21. Nxf6+ { Englisch,B-Sellman,A/London 1883/HCL/1-0  ( 61 )}  )( 6...
Bf5 7. Bd3 ( 7. Be2 c6 8. O-O O-O 9. Nh4 Bg6 10. Nxg6 fxg6 11. Bf3 Bd6 12. g3
Nbd7 13. Re1 h6 14. Be3 Nh7 15. Bg2 Qf6 16. Ne2 Nb6 17. Nf4 Kh8 18. Qd3 Bxf4
19. Bxf4 g5 20. Be3 Nc4 21. b3 Nxe3 { Z'Berg,J-Mauron,P/Zuerich 1997/CBM 062
ext/1/2-1/2}  )7... Bxd3 8. Qxd3 O-O ( 8... c6 9. O-O-O Nbd7 10. Rde1 O-O 11.
h4 Re8 12. Kb1 Qc7 13. g4 Bd6 14. Reg1 Ne4 15. Be3 Bf4 16. Nd1 Bxe3 17. fxe3 c5
18. dxc5 Qxc5 19. Rg2 Rac8 20. Qd4 Qa5 21. h5 Rc4 22. Qd3 Ra4 23. a3 { Heyme,S 
( 2134 ) -Sarana Hungeling,O  ( 2342 ) /Germany 2000/CBM 075 ext/0-1  ( 64 )} 
)9. O-O c6 10. Rae1 h6 11. Bh4 Nbd7 12. Ne5 Re8 13. Qf5 Nf8 14. Nd1 Qc8 15. Ne3
N8h7 16. Qf3 Qe6 17. Nf5 Bf8 18. Bxf6 Nxf6 19. Ng3 Ne4 20. Nxe4 dxe4 21. Qb3 {
Aarland,S  ( 2278 ) -Gudbrandsen,G  ( 2289 ) /Norway 2005/CBM 109 ext/0-1  ( 31
)}  )( 6... c6 7. Ne5 O-O 8. Bd3 Re8 9. Bxf6 Bxf6 10. f4 g6 11. Qf3 Qb6 12.
O-O-O Bg7 13. Rhe1 Nd7 14. Nc4 Qd8 15. Rxe8+ Qxe8 16. Ne5 Nxe5 17. fxe5 Qe7 18.
h3 b5 19. g4 a5 20. Rh1 a4 21. h4 { Fernandez Fernandez,J-Maseda
Ferreiros,R/Trevias 2006/CBM 114 ext/0-1  ( 60 )}  )7. Bh4 Bf5 ( 7... O-O 8.
Be2 $11 )8. Be2 ( 8. Bd3 Be6 $14 )8... c6 { Covers b5}  9. O-O { White castles
and improves king safety}  9... O-O { Black castles and improves king safety} 
10. Ne5 Nbd7 11. Nxd7 ( 11. Bd3 Bxd3 12. Qxd3 Nxe5 13. dxe5 Nd7 $15 )11... Qxd7
$15 12. a3 { Consolidates b4}  12... Rae8 13. b4 Nh7 14. Bg3 Ng5 15. f3 {
Covers e4}  ( 15. Bd3 Bf6 $15 )15... Bd8 ( 15... Ne6 16. Be5 $17 )16. Re1 ( 16.
Bd3 Qe6 $15 )16... Re6 ( 16... Ne6 $5 17. Bf2 Nf4 $17 )17. Na4 $15 b6 {
Prevents intrusion on c5}  18. Nc3 Bc7 19. Bxc7 Qxc7 20. Qd2 Rg6 21. Kh1 Re6
22. Bd3 ( 22. Kg1 Qd6 $15 )22... Bg6 ( 22... Bxd3 $5 23. Qxd3 Rfe8 24. Rxe6
Rxe6 $15 )23. Bxg6 $11 Rxg6 24. Re2 ( 24. Re5 a6 $11 )24... Qd7 ( 24... Re6 25.
Rae1 $15 )25. Rae1 Re6 26. h4 ( 26. Re5 Rfe8 $11 )26... Rxe2 $15 27. Rxe2 Ne6
28. g3 { Consolidates f4}  28... Re8 29. Kg2 Re7 30. Nd1 Nc7 31. a4 f6 ( 31...
Ne6 32. Ne3 $11 )32. Nf2 Kf7 33. c3 Rxe2 34. Qxe2 Qe7 35. Qxe7+ Kxe7 { A knight
endgame occured}  36. Nd3 Ne6 37. f4 ( 37. h5 Nc7 $11 )37... f5 ( 37... Nc7 38.
g4 $11 )38. Kf3 $11 g5 $2 ( 38... h5 39. Ne5 Kd6 40. Ke3 $11 )39. hxg5 ( 39.
fxg5 $5 $142 hxg5 40. Ne5 $18 )39... hxg5 $11 40. fxg5 Nxg5+ 41. Kf4 { White
threatens to win material: Kf4xg5}  41... Ne4 { Black threatens to win
material: Ne4xc3}  42. Ne5 { White threatens to win material: Ne5xc6. Praise
the knight!}  42... Kd6 43. Kxf5 ( 43. Nf7+ $5 $142 { is a viable option} 
43... Ke7 44. Ne5 $11 )43... Nxg3+ $17 44. Kf6 ( 44. Kf4 $5 Ne2+ 45. Ke3 Nxc3
46. a5 $17 )44... Ne4+ $19 45. Kg6 ( 45. Kf5 Nxc3 46. a5 bxa5 47. bxa5 Nb5 $19
)45... Nxc3 46. Nf7+ ( 46. a5 Ne2 47. axb6 axb6 $19 )46... Kc7 47. a5 ( 47. Kf5
Nxa4 48. Ne5 Nc3 $19 )47... Nb5 48. axb6+ ( 48. Kf6 { cannot change what is in
store for ?}  48... Nxd4 49. a6 Nc2 $19 )48... Kxb6 49. Kf5 Nxd4+ 50. Ke5 Nc2
51. b5 ( 51. Ng5 $19 { is the last straw} )51... Kxb5 52. Nd6+ Kb4 53. Nb7 a5
54. Kd6 d4 55. Kxc6 d3 56. Nc5 d2 57. Nd3+ Kc3 58. Nf2 a4 ( 58... Kc4 59. Ne4
Nd4+ 60. Kd7 $19 )59. Kb5 a3 ( 59... Kb3 $142 { seems even better}  60. Kc6 a3
$19 )60. Ka4 a2 ( 60... Kc4 61. Nd1 a2 62. Nb2+ Kc3 63. Kb5 Kxb2 64. Kc5 a1=Q
65. Kd6 d1=Q+ 66. Ke5 Qa5+ 67. Kf6 Qf3+ 68. Kg6 Qah5+ 69. Kg7 Qff7# )61. Nd1+
Kd4 ( 61... Kd4 62. Nb2 a1=Q+ 63. Kb5 Qxb2+ 64. Kc6 Qb8 65. Kd7 Qa7+ 66. Kd8
d1=Q 67. Ke8 Qh5+ 68. Kd8 Qh8# ) 0-1